| 000 | 00000nam##2200000za#4500 |
| 001 | 9.581630 |
| 003 | CaOODSP |
| 005 | 20231208112833 |
| 007 | cr ||||||||||| |
| 008 | 150406|2011||||xxc|||||o f|0| 0 eng|d |
| 040 | |aCaOODSP|beng |
| 043 | |an-cn--- |
| 086 | 1 |aPS83-5/R255E-PDF |
| 110 | 1 |aCorrectional Service Canada. |bResearch Branch. |
| 245 | 10|aValidation of the Generic Program Performance Measure (GPPM) / |h[electronic resource]|cprepared by : Amelia Usher. |
| 260 | |aOttawa - Ontario : |bCorrectional Service Canada. |cNovember 2011. |
| 300 | |a1p. |
| 490 | 1 |aResearch at a glance|vR-255 |
| 590 | |a15-05-Supp|b2015-03-31 |
| 690 | 07|aCorrectional institutions|2gcpds |
| 690 | 07|aPerformance indicators|2gcpds |
| 775 | 08|tValidation de la Mesure générique du rendement du participant (MGRP) / |w(CaOODSP)9.608399 |
| 830 | #0|aResearch at a glance (Correctional Service Canada)|vR-255|w(CaOODSP)9.506649 |
| 856 | 40|ahttp://publications.gc.ca|qPDF|s109 KB|uhttps://publications.gc.ca/collections/collection_2015/scc-csc/PS83-5-R255-eng.pdf|yR-255 |